000
00257nam a2200109Ia 4500
008
190216s9999||||xx |||||||||||||| ||und||
100
_a
Karmanov. V.G
245
0
_a
Mathematical Programming
260
_b
Mir Publishers
650
_a
Mathematics
942
_c
BK
999
_c
31037
_d
31037